03397naa a2200217 a 450000100080000000500110000800800410001910000170006024501520007726000090022952026550023865300160289365300310290965300160294065300170295670000180297370000180299170000190300970000230302877301280305111303112020-11-25 2020 bl uuuu u00u1 u #d1 aALVES, D. P. aPRODUTIVIDADE DE CULTIVARES E POPULA????ES AVAN??ADAS DE CEBOLA CULTIVADAS EM ITUPORANGA-SC SEM A APLICA????O DE FUNGICIDAS.h[electronic resource] c2020 aA cebola, Allium cepa L., ?? a hortali??a de maior import??ncia econ??mica e social para o Alto Vale do Itaja??, Santa Catarina, sobretudo quando se considera a cidade de Ituporanga e munic??pios lim??trofes, que juntos s??o respons??veis por a 22% do total de ??rea plantada com a cultura no Brasil. Com o objetivo de dar suporte ?? cebolicultura catarinense, a Empresa de Pesquisa Agropecu??ria e Extens??o Rural de Santa Catarina (Epagri) criou em 1984, na cidade de Ituporanga, uma esta????o Experimental cujo principal foco ?? a cultura da cebola. Desde ent??o, a Epagri disponibiliza aos agricultores, por meio de seu programa de melhoramento, diversos cultivares de cebola adaptados ?? regi??o. Uma das etapas finais do processo de desenvolvimento de novos cultivares de cebola ?? a avalia????o comparativa das popula????es avan??adas frente aos atuais cultivares existentes no mercado nos diversos ambientes poss??veis. A avalia????o de cultivares de cebola em ambientes sem a utiliza????o de agroqu??micos para controle de doen??a ?? bastante eficiente para destacar aqueles germoplasmas mais r??sticos e resistentes ??s doen??as. O objetivo do presente trabalho foi avaliar quatro popula????es avan??adas, quatro cultivares comerciais de poliniza????o livre e dois h??bridos comerciais de cebola em Ituporanga-SC na aus??ncia de agroqu??micos e agrupa-los quanto ?? produtividade. O trabalho foi realizado em 2018 na Esta????o Experimental da Epagri de Ituporanga que fica a 475m de altitude. O experimento foi delineado em blocos inteiramente casualizados com tr??s repeti????es. O experimento foi conduzido sem a aplica????o de agroqu??micos para o controle de doen??as foliares, sendo utilizado somente adubos qu??micos e herbicidas. As parcelas foram colhidas de acordo com a matura????o natural das plantas (estalo) e ap??s a cura foi realizada a pesagem e classifica????o dos bulbos. Para separa????o dos cultivares quanto ?? produtividade comercial foi realizado o agrupamento de m??dias de Scott-Knott com a utiliza????o do aplicativo computacional GENES??. O agrupamento permitiu a separa????o de tr??s grupos, sendo que no grupo de maior produtividade (19,12 - 21,10 t.ha-1) foi composto por um cultivar comercial, SCS379 Robusta, e uma popula????o avan??ada, Bola-Agro. No grupo menos produtivo (7,45 - 10,02 t.ha-1) ficaram uma popula????o avan??ada, cruzamento10, e um h??brido comercial, Rio das Antas. Esses resultados demonstram que a popula????o avan??ada Bola-Agro tem grande potencial para ser lan??ada como nova cultivar e recomendada para agricultores que fazem pouca utiliza????o de insumos ou agricultores org??nicos. aAllium cepa acompeti????o de cultivares agermoplasma aresist??ncia1 aWAMSER, G. H.1 aMANFIO, C. E.1 aARA??JO, E. R.1 aHIGASHIKAWA, F. S. tIn: SIMP??SIO DE GEN??TICA, MELHORAMENTO E CONSERVA????O DE PLANTAS, 2., 2020, on-line. Resumos... Goi??nia, GO: UFG, 2020.